Oslo - quiz wielokrotnego wyboru - Statystyki

Ogólne statystyki
  • Ten quiz został rozwiązany 443 razy
    441 od ostatniego zresetowania
  • Średni wynik to 4 z 10
Statystyki odpowiedzi
Zagadnienie Odpowiedź % Poprawnych
Który malarz, autor „Krzyku”, jest związany z Oslo? Edvard Munch
80%
Jak nazywa się słynny park rzeźb w Oslo? Vigelanda
60%
Jakie miasto było stolicą Norwegii przed Oslo? Bergen
49%
Jakie muzeum znajduje się na półwyspie Bygdøy w Oslo? Muzeum Łodzi Wikingów
47%
Przez kogo według legendy został wzniecony pożar w Oslo w 1624 r.? Przez cztery czarownice
46%
Pod jaką nazwą Oslo funkcjonowało w latach 1877–1924? Kristiania
44%
Lotnisko w Oslo było pierwszym na świecie lotniskiem, które... tankowało biopaliwo do samolotów
41%
W którym roku odbyła się Zimowe Igrzyska Olimpijskie w Oslo? 1952
32%
Kto założył Oslo według tradycji? Harald III Srogi
27%
Nad którą z tych cieśnin leży Oslo? Kattegat
22%
Nie znaleziono quizów pasujących do podanych kryteriów
Rozkład punktacji
Procent ludzi z każdym wynikiem
Percentyl według liczby udzielonych odpowiedzi
Twoja historia wyników
Nie rozwiązałeś tego quizu od ostatniego zresetowania